Geography containing AA-AZ - Statistics

General Stats
  • This quiz has been taken 18 times
  • The average score is 14 of 25
Answer Stats
Contains: Clue Place % Correct
AG Nigeria's biggest city (5) Lagos
94%
AC City-state which hosts a famous grand prix (6) Monaco
94%
AQ Nation which was home to the Babylonians (4) Iraq
89%
AE Country established as a Jewish homeland (6) Israel
89%
AJ 1984 Winter Olympic host venue in Bosnia (8) Sarajevo
89%
AI Huge Chinese port which is the world's busiest (8) Shanghai
89%
AO Landlocked Asian country (4) Laos
83%
AA Smear a salad around in Tanzania's biggest city (11 letters) Dar es Salaam
78%
AZ Palestinian zone by the border of Israel and Egypt (9) Gaza Strip
78%
AU Island nation in the West Pacific (5) Palau
78%
AV Area of northern Europe (11) Scandinavia
78%
AM Major English city (10) Birmingham
72%
AK Where in Russia 22% of the world's surface fresh water is found (10) Lake Baikal
67%
AN An oat nirvana in capital of Madagascar (12) Antananarivo
61%
AW Small, outlying Japanese island (7) Okinawa
44%
AF Arctic landmass born from tectonic activity, where the distinctive feature of a shark can be seen (12) Baffin Island
39%
AH American state that's alright (8) Oklahoma
39%
AB Asia bartender serves up a sandy expanse in the Middle East (13) Arabian Desert
28%
AP Abrupt harm comes to a person who falls into this river of Bangladesh (11) Brahmaputra
28%
AS City of Trinidad (9) Chaguanas
22%
AR City in the Minsk region where we see the way bras are manufactured (7) Barysaw
11%
AY Sea of the Canadian Arctic where terrible hounds bay (9) Hudson Bay
11%
AL Seychelles town in a beautiful valley but with no valuable aspect (10) Beau Vallon
6%
AX Company perform surgery in cab en route to Mexican mountain (8) Cotopaxi
6%
AT Venezuelan city in the process of ripening, but not quite there yet (7) Maturin
0%
No matching quizzes found
Score Distribution
Percent of People with Each Score
Percentile by Number Answered
Your Score History
You have not taken this quiz